<?xml version="1.0" encoding="UTF-8"?><?xml-stylesheet type="text/xsl" href="static/style.xsl"?><OAI-PMH xmlns="http://www.openarchives.org/OAI/2.0/" xmlns:xsi="http://www.w3.org/2001/XMLSchema-instance" xsi:schemaLocation="http://www.openarchives.org/OAI/2.0/ http://www.openarchives.org/OAI/2.0/OAI-PMH.xsd"><responseDate>2026-04-14T04:30:28Z</responseDate><request verb="GetRecord" identifier="oai:www.recercat.cat:10230/47241" metadataPrefix="marc">https://recercat.cat/oai/request</request><GetRecord><record><header><identifier>oai:recercat.cat:10230/47241</identifier><datestamp>2025-12-24T08:40:13Z</datestamp><setSpec>com_2072_6</setSpec><setSpec>col_2072_452952</setSpec></header><metadata><record xmlns="http://www.loc.gov/MARC21/slim" xmlns:dcterms="http://purl.org/dc/terms/" xmlns:xsi="http://www.w3.org/2001/XMLSchema-instance" xmlns:doc="http://www.lyncode.com/xoai" xsi:schemaLocation="http://www.loc.gov/MARC21/slim http://www.loc.gov/standards/marcxml/schema/MARC21slim.xsd">
   <leader>00925njm 22002777a 4500</leader>
   <datafield ind2=" " ind1=" " tag="042">
      <subfield code="a">dc</subfield>
   </datafield>
   <datafield ind2=" " ind1=" " tag="720">
      <subfield code="a">Díaz Pérez, Silvia</subfield>
      <subfield code="e">author</subfield>
   </datafield>
   <datafield ind2=" " ind1=" " tag="720">
      <subfield code="a">Soler-i-Martí, Roger</subfield>
      <subfield code="e">author</subfield>
   </datafield>
   <datafield ind2=" " ind1=" " tag="720">
      <subfield code="a">Ferrer Fons, Mariona</subfield>
      <subfield code="e">author</subfield>
   </datafield>
   <datafield ind2=" " ind1=" " tag="260">
      <subfield code="c">2021-04-28T08:39:38Z</subfield>
   </datafield>
   <datafield ind2=" " ind1=" " tag="260">
      <subfield code="c">2021-04-28T08:39:38Z</subfield>
   </datafield>
   <datafield ind2=" " ind1=" " tag="260">
      <subfield code="c">2021</subfield>
   </datafield>
   <datafield ind2=" " ind1=" " tag="520">
      <subfield code="a">En 2019 el movimiento climático da un paso adelante sin precedentes en su capacidad de movilización e impacto político y mediático. El éxito del movimiento está muy vinculado tanto a la figura de Greta Thunberg y su impacto global, como a la implantación de «Fridays for Future» en centenares de ciudades de todo el mundo. Este artículo analiza la relación entre estos dos elementos a través del análisis del marco del movimiento y su diseminación en redes sociales. En concreto se muestra, a través del análisis de los discursos y mensajes en redes sociales de la activista, el papel clave de Greta en el establecimiento de un nuevo marco del movimiento climático y cómo este se refuerza y legitima con su propia historia personal contada a través del arquetípico viaje del héroe o monomito. A continuación, se analiza la incorporación y adaptación del marco Greta en las redes sociales de «Fridays for Future» Barcelona a través del análisis de contenido de sus publicaciones en Twitter e Instagram. Los resultados muestran cómo, a pesar de las reticencias a la personalización del liderazgo, existe una destacada influencia del marco global de Greta en el discurso del movimiento local y en el impacto en sus seguidores. Además, el análisis aporta evidencia empírica de la relevancia de las dinámicas glocales en los movimientos sociales en el entorno online.</subfield>
   </datafield>
   <datafield ind2=" " ind1=" " tag="520">
      <subfield code="a">In 2019 the climate movement experienced an unprecedented growth in its mobilization capacity and its political and media impact. This success is closely linked to the rise of Greta Thunberg and her global impact, as well as to the organization effort of “Fridays for Future” in hundreds of local groups around the globe. This paper studies the connection between these two elements based on the movement frame analysis and its dissemination on social media. Through an analysis of the activists’ speeches and social media messages, Greta&amp;apos;s key role in the establishment and evolution of a new frame for the climate movement can be seen. This is reinforced and legitimized with her own personal story told through the hero&amp;apos;s journey or monomyth. Then, the inclusion and adaptation of Greta&amp;apos;s frame in the local group of “Fridays for Future” in Barcelona based on the content analysis of its publications on Twitter and Instagram will be analyzed. The results show how, despite the reluctance regarding personified leadership, Greta&amp;apos;s frame has a significant influence on the discourse of the local movement and on the “Fridays for Future” Barcelona’s social media followers. The analysis also provides empirical evidence of the relevance of glocal dynamics in online social movements.</subfield>
   </datafield>
   <datafield tag="653" ind2=" " ind1=" ">
      <subfield code="a">Movimiento climático</subfield>
   </datafield>
   <datafield tag="653" ind2=" " ind1=" ">
      <subfield code="a">Análisis del marco</subfield>
   </datafield>
   <datafield tag="653" ind2=" " ind1=" ">
      <subfield code="a">Movimientos sociales</subfield>
   </datafield>
   <datafield tag="653" ind2=" " ind1=" ">
      <subfield code="a">Monomito</subfield>
   </datafield>
   <datafield tag="653" ind2=" " ind1=" ">
      <subfield code="a">Redes sociales</subfield>
   </datafield>
   <datafield tag="653" ind2=" " ind1=" ">
      <subfield code="a">Análisis del discurso</subfield>
   </datafield>
   <datafield tag="653" ind2=" " ind1=" ">
      <subfield code="a">Climate movement</subfield>
   </datafield>
   <datafield tag="653" ind2=" " ind1=" ">
      <subfield code="a">Frame analysis</subfield>
   </datafield>
   <datafield tag="653" ind2=" " ind1=" ">
      <subfield code="a">Social movements</subfield>
   </datafield>
   <datafield tag="653" ind2=" " ind1=" ">
      <subfield code="a">Monomyth</subfield>
   </datafield>
   <datafield tag="653" ind2=" " ind1=" ">
      <subfield code="a">Social networks</subfield>
   </datafield>
   <datafield tag="653" ind2=" " ind1=" ">
      <subfield code="a">Discourse analysis</subfield>
   </datafield>
   <datafield ind2="0" ind1="0" tag="245">
      <subfield code="a">Del mito global a la movilización local: creación y resonancia del marco Greta Thunberg</subfield>
   </datafield>
   <datafield ind2="0" ind1="0" tag="245">
      <subfield code="a">From the global myth to local mobilization: creation and resonance of Greta Thunberg’s frame</subfield>
   </datafield>
</record></metadata></record></GetRecord></OAI-PMH>